The human organization : Its management and value

שמור ב:
מידע ביבליוגרפי
מחבר ראשי: Likert, Rensis
פורמט: ספר
שפה:Undetermined
יצא לאור: Tokyo McGraw- Hill Kogakusha, Ltd 1967
נושאים:
תגים: הוספת תג
אין תגיות, היה/י הראשונ/ה לתייג את הרשומה!
Thư viện lưu trữ: Trung tâm Học liệu Trường Đại học Cần Thơ
LEADER 00513nam a2200193Ia 4500
001 CTU_90028
008 210402s9999 xx 000 0 und d
082 |a 658 
082 |b L727 
100 |a Likert, Rensis 
245 4 |a The human organization : 
245 0 |b Its management and value 
245 0 |c Rensis Likert 
260 |a Tokyo 
260 |b McGraw- Hill Kogakusha, Ltd 
260 |c 1967 
650 |a Management 
904 |i Mai Loan,Hải 
980 |a Trung tâm Học liệu Trường Đại học Cần Thơ